00840nam a2200241Ia 450000100060000000300090000600800410001504000130005604000130006904100130008210000190009510000290011424500450014324500750018825000110026326000110027426000140028526000490029930000570034850001400040565000220054565000310056784426IT-RoPAU130308s9999 xx 000 0 und d aIT-RoPAU cIT-RoPAU aITALIANO aBernardi Luigi gCodice Aut. SPICS: 29344 aCorto Maltese o dell'isola-che-non-c'è bDestinazione Utopia-L'Evasione impossibile di tre Personaggi a Fumetti a1a ed. aMILANO bEleuthera c1988 [1° Ed.:1988 - Ed.Ling.Originale:1988] a"25 p. (prefazione: no ; testo: 25 [pagine: 17-41])" aMarinaio che parte da tutti I Porti Ma che Non vuole Arrivare mai mappe Velate Dietro Porte infinite Rifugi proibiti Dentro la Leggenda aSAGGI SUL FUMETTO eCodice materia Spics: 6711